Drapeaux européens à trois bandes - Statistiques

Statistiques générales
  • Ce quiz a été pris 61 fois
  • Le résultat moyen est 13 sur 15
Statistiques - réponses
Réponse % Correct
France
100%
Allemagne
98%
Italie
96%
Belgique
93%
Irlande
89%
Estonie
88%
Lituanie
88%
Pays-Bas
86%
Lettonie
84%
Russie
84%
Hongrie
81%
Bulgarie
79%
Autriche
75%
Luxembourg
75%
Roumanie
75%
Aucun quiz correspondant
Distribution des résultats
% des personnes avec chaque résultat
Percentile par nombre de réponses
Votre historique - résultats
Vous n’avez pas pris ce quiz